Tablice Rejestracyjne Województwa Warmińsko-Mazurskiego - Statystyki

Ogólne statystyki
  • Ten quiz został rozwiązany 102 razy
  • Średni wynik to 20 z 21
Statystyki odpowiedzi
Powiat Tablica Rejestracyjna % Poprawnych
Elbląg NE
100%
ełcki NEL
100%
giżycki NGI
100%
gołdapski NGO
100%
iławski NIL
100%
kętrzyński NKE
100%
bartoszycki NBA
99%
lidzbarski NLI
99%
mrągowski NMR
99%
Olsztyn NO
99%
braniewski NBR
98%
działdowski NDZ
98%
olsztyński NOL
98%
ostródzki NOS
98%
piski NPI
98%
szczycieński NSZ
98%
węgorzewski NWE
96%
elbląski NEB
94%
nidzicki NNI
93%
nowomiejski NNM
89%
olecki NOE
89%
Nie znaleziono quizów pasujących do podanych kryteriów
Rozkład punktacji
Procent ludzi z każdym wynikiem
Percentyl według liczby udzielonych odpowiedzi
Twoja historia wyników
Nie rozwiązałeś tego quizu